A carregar...

കേരളത്തിന്റെ സാമ്പത്തിക വികസനം

Detalhes bibliográficos
Outros Autores: ടി എ കമാലുദ്ദീന്‍ (എഡി.), T A Kamaluddin (Tr.)
Formato: Printed Book
Publicado em: TVM; SIL; 1972
Edição:1st
Assuntos:
LEADER 00752nam a22001817a 4500
082 |a 330  |b KAM/K L2 
240 |a Keralathinte Sampathika Vikasanam 
245 |a കേരളത്തിന്റെ സാമ്പത്തിക വികസനം 
250 |a 1st  
260 |a TVM;  |b SIL;  |c 1972 
300 |a 277p. 
650 |a മലയാളം; ധനശാസ്ത്രം  |9 296329 
650 |a Malayalam; Economics  |9 296330 
700 |a ടി എ കമാലുദ്ദീന്‍ (എഡി.)  |9 296331 
700 |a T A Kamaluddin (Tr.)  |9 205904 
942 |c BK 
999 |c 70372  |d 70372 
952 |0 0  |1 0  |4 0  |6 330_000000000000000_KAM_K_L2  |7 0  |8 Economics  |9 83323  |a MAL  |b MAL  |d 2016-12-02  |e 35565  |g 7.25  |l 0  |o 330 KAM/K L2  |p MAL035565  |r 2016-12-02  |t 1  |w 2016-12-02  |y BK